Taiwan Railway Coastal Line - Statistics

General Stats
  • This quiz has been taken 16 times
  • The average score is 15 of 18
Answer Stats
Hint Answer % Correct
3360 彰化 Changhua
100%
1250 竹南 Zhunan
100%
2200 大甲 Dajia
93%
2240 龍井 Longjing
93%
2230 沙鹿 Shalu
93%
2170 通霄 Tongxiao
93%
2250 大肚 Dadu
86%
2260 追分 Zhuifen
86%
2150 白沙屯 Baishatun
79%
2130 後龍 Houlong
79%
2220 清水 Qingshui
79%
2180 苑裡 Yuanli
79%
2140 龍港 Longgang
71%
2190 日南 Rinan
71%
2210 台中港 Taichung Port
71%
2110 談文 Tanwen
71%
2160 新埔 Xinpu
71%
2120 大山 Dashan
57%
No matching quizzes found
Score Distribution
Percent of People with Each Score
Percentile by Number Answered
Your Score History
You have not taken this quiz